World Hits (Record n. 100154)
[ formato base ]
| 000 -LEADER | |
|---|---|
| fixed length control field | 02703njm a2200493Ia 4500 |
| 001 - CONTROL NUMBER | |
| control field | 24645 |
| 003 - CONTROL NUMBER IDENTIFIER | |
| control field | IT-RoPAU |
| 005 - DATE AND TIME OF LATEST TRANSACTION | |
| control field | 20220918181126.0 |
| 008 - FIXED-LENGTH DATA ELEMENTS--GENERAL INFORMATION | |
| fixed length control field | 131025s9999 xx 000 0 und d |
| 040 ## - CATALOGING SOURCE | |
| Original cataloging agency | IT-RoPAU |
| 040 ## - CATALOGING SOURCE | |
| Transcribing agency | IT-RoPAU |
| 999 ## - SYSTEM CONTROL NUMBERS (KOHA) | |
| Koha Dewey Subclass [OBSOLETE] | n.d. |
| 100 ## - MAIN ENTRY--PERSONAL NAME | |
| Personal name | AA.VV. |
| 9 (RLIN) | 794 |
| 100 ## - MAIN ENTRY--PERSONAL NAME | |
| Relator term | Autore musica |
| 9 (RLIN) | 11230 |
| 100 ## - MAIN ENTRY--PERSONAL NAME | |
| Miscellaneous information | Codice autore musica SPICS: 12000 |
| 9 (RLIN) | 796 |
| 245 ## - TITLE STATEMENT | |
| Title | World Hits |
| 250 ## - EDITION STATEMENT | |
| Edition statement | 1a ed. |
| 260 ## - PUBLICATION, DISTRIBUTION, ETC. (IMPRINT) | |
| Place of publication, distribution, etc. | ITALIA |
| 260 ## - PUBLICATION, DISTRIBUTION, ETC. (IMPRINT) | |
| Name of publisher, distributor, etc. | POLYDOR |
| Date of publication, distribution, etc. | 1978 [1a Ed.:1978] |
| 300 ## - PHYSICAL DESCRIPTION | |
| Extent | DISCO |
| 300 ## - PHYSICAL DESCRIPTION | |
| Dimensions | 46 minuti (Testo: pag.) |
| 500 ## - GENERAL NOTE | |
| General note | Musica strumentale. Arrangiamento |
| 505 ## - FORMATTED CONTENTS NOTE | |
| Formatted contents note | People Will Say (6:00) - September in the Rain (5:00) - What Is This Thing Called Love (5:00) - I Only Have Eyes For You (5:00) - Charmaine (5:00) - Besame mucho (5:00) - Singin' in the Rain (4:00) - Tenderly (6:00) - Volare (6:00) - I'Ve Got You Under My Skin (5:00) |
| 650 ## - SUBJECT ADDED ENTRY--TOPICAL TERM | |
| Topical term or geographic name as entry element | ARRANGIAMENTO [DISCHI] |
| Relator term | Codice MATERIA SPICS: 9950 |
| 9 (RLIN) | 11231 |
| 700 ## - ADDED ENTRY--PERSONAL NAME | |
| Personal name | Last James |
| Miscellaneous information | Codice autore SPICS: 10976 |
| Relator term | Autore |
| 9 (RLIN) | 9404 |
| 700 ## - ADDED ENTRY--PERSONAL NAME | |
| Personal name | Last James |
| Miscellaneous information | Codice interprete SPICS: 10976 |
| Relator term | Interprete |
| 9 (RLIN) | 11232 |
| 700 ## - ADDED ENTRY--PERSONAL NAME | |
| Personal name | Rodgers Richard |
| Miscellaneous information | Codice autore SPICS: 11120 |
| Relator term | Autore |
| Name of part/section of a work | People Will Say |
| 9 (RLIN) | 11233 |
| 700 ## - ADDED ENTRY--PERSONAL NAME | |
| Personal name | Hammerstein Oscar |
| Miscellaneous information | Codice autore musica SPICS: 15701 |
| Relator term | Autore musica |
| Name of part/section of a work | People Will Say |
| 9 (RLIN) | 11234 |
| 700 ## - ADDED ENTRY--PERSONAL NAME | |
| Personal name | Warren Harry |
| Relator term | Autore musica |
| Name of part/section of a work | September in the Rain - I Only Have Eyes For You |
| 9 (RLIN) | 11235 |
| 700 ## - ADDED ENTRY--PERSONAL NAME | |
| Personal name | Harms |
| Miscellaneous information | Codice autore musica SPICS: 15702 |
| Relator term | Autore musica |
| Name of part/section of a work | What Is This Thing Called Love |
| 9 (RLIN) | 11236 |
| 700 ## - ADDED ENTRY--PERSONAL NAME | |
| Personal name | Porter Cole |
| Miscellaneous information | Codice autore SPICS: 13034 |
| Relator term | Autore |
| Name of part/section of a work | What Is This Thing Called Love - I'Ve Got You Under My Skin |
| 9 (RLIN) | 11237 |
| 700 ## - ADDED ENTRY--PERSONAL NAME | |
| Personal name | Dubin A. |
| Miscellaneous information | Codice autore musica SPICS: 15703 |
| Relator term | Autore musica |
| Name of part/section of a work | I Only Have Eyes For You |
| 9 (RLIN) | 11238 |
| 700 ## - ADDED ENTRY--PERSONAL NAME | |
| Personal name | Pollack L. |
| Miscellaneous information | Codice autore musica SPICS: 14490 |
| Relator term | Autore musica |
| Name of part/section of a work | Charmaine |
| 9 (RLIN) | 11240 |
| 700 ## - ADDED ENTRY--PERSONAL NAME | |
| Personal name | Rapee |
| Miscellaneous information | Codice autore SPICS: 14471 |
| Relator term | Autore |
| Name of part/section of a work | Charmaine |
| 9 (RLIN) | 11241 |
| 700 ## - ADDED ENTRY--PERSONAL NAME | |
| Personal name | Skylar |
| Miscellaneous information | Codice autore musica SPICS: 15705 |
| Relator term | Autore musica |
| Name of part/section of a work | Besame mucho |
| 9 (RLIN) | 11242 |
| 700 ## - ADDED ENTRY--PERSONAL NAME | |
| Personal name | Velazquez Consuelo |
| Miscellaneous information | Codice autore SPICS: 15704 |
| Relator term | Autore |
| Name of part/section of a work | Besame mucho |
| 9 (RLIN) | 11243 |
| 700 ## - ADDED ENTRY--PERSONAL NAME | |
| Personal name | Luer Karl Hermann |
| Miscellaneous information | Codice autore musica SPICS: 15707 |
| Relator term | Autore musica |
| Name of part/section of a work | Singin' in the Rain |
| 9 (RLIN) | 11244 |
| 700 ## - ADDED ENTRY--PERSONAL NAME | |
| Personal name | Freed Arthur |
| Miscellaneous information | Codice autore SPICS: 15706 |
| Relator term | Autore |
| Name of part/section of a work | Singin' in the Rain |
| 9 (RLIN) | 11245 |
| 700 ## - ADDED ENTRY--PERSONAL NAME | |
| Personal name | Lawrence Jack |
| Miscellaneous information | Codice autore musica SPICS: 15708 |
| Relator term | Autore musica |
| Name of part/section of a work | Tenderly |
| 9 (RLIN) | 11246 |
| 700 ## - ADDED ENTRY--PERSONAL NAME | |
| Personal name | Gross Walter |
| Miscellaneous information | Codice autore SPICS: 15709 |
| Relator term | Autore |
| Name of part/section of a work | Tenderly |
| 9 (RLIN) | 11247 |
| 700 ## - ADDED ENTRY--PERSONAL NAME | |
| Personal name | Modugno Domenico |
| Miscellaneous information | Codice autore musica SPICS: 12142 |
| Relator term | Autore musica |
| Name of part/section of a work | Volare |
| 9 (RLIN) | 11248 |
| 700 ## - ADDED ENTRY--PERSONAL NAME | |
| Personal name | Migliacci Franco |
| Miscellaneous information | Codice autore SPICS: 13653 |
| Relator term | Autore |
| Name of part/section of a work | Volare |
| 9 (RLIN) | 11249 |
| 942 ## - ADDED ENTRY ELEMENTS (KOHA) | |
| Koha item type | DISCHI |
| Source of classification or shelving scheme | Dewey Decimal Classification |
| Withdrawn status | Lost status | Damaged status | Not for loan | Home library | Current library | Date acquired | Total Checkouts | Full call number | Date last seen | Price effective from | Koha item type | Public note |
|---|---|---|---|---|---|---|---|---|---|---|---|---|
| Buone Condizioni | Not For Loan | SPICS-MEDIATECA | SPICS-MEDIATECA | 25/10/2013 | 24645 | 25/10/2013 | 25/10/2013 | DISCHI | Progr. Ins.: 5340 / N.Vol.: 1 / Copie: 1 - Copia rara: n.d. / date import: 01.01.2014 - By Epidotti, Trombetti, Vaglietti |